00697cam a22002051 4500001001300000003000400013005001700017008004100034010001700075035002000092040003700112042001200149050002100161100002700182245018800209250001300397260003500410300003100445999001500476af 48003365 DLC20260227110901.0890406s1941 gw b 000 1 ger c aaf 48003365  a(OCoLC)19503155 aCalifornia. Univ. Libr.cCUdDLC apremarc00aPT2617.E597bW441 aHenrich, Josef,d1879-10aWenn der Wald stirbt.bRoman aus dem Hochkrumbach, einer kleinen, 1705m hoch gelegenen, aufgelassenen Gemeinde an der Wasserscheide zwischen Donau und Rhein in den Vorarlberger Alpen. a2. Aufl. aMùˆnchen,bF.C. Mayer,c1941. a245 p.bfold. map.c21 cm. c5541d5541